Obnoviteľné zdroje energie 2017 zborník prednášok zo 17. vedecko-odbornej konferencie so zahraničnou účasťou na tému Budovy s takmer nulovou potrebou energie, 9. - 10. máj 2017, Hotel*** SOREA TRIGAN, Štrbské Pleso

Bibliographic Details
Corporate Author: Obnoviteľné zdroje energie Štrbské Pleso, Slovensko
Other Authors: Petráš, Dušan, 1956- (Editor), Švecová, Zuzana, 1970- (Editor)
Format: Conference Proceeding Software eBook
Language:Slovak
Hungarian
Published: Bratislava SSTP Bratislava 2017
Edition:Vydanie prvé
Subjects:

MARC

LEADER 00000nam a2200000 4500
001 vtls011750035
003 SK-MaSNL
005 20260301095434.0
007 co cg auuua
008 180410s2017 xo | fq 100 0 slo
015 |a SNBS2019 
020 |a 9788089878109  |q (elektronická kniha) 
040 |a SNK  |b slo  |c SNK  |e rda 
041 0 |a slo  |a hun 
044 |a xo  |c SK 
072 7 |a 620.9  |x Energetika  |2 konspekt 
072 7 |a 697  |x Vykurovanie, vetranie, klimatizácia  |2 konspekt 
080 |a 697.1/.7  |2 2011 
080 |a 697.12:721  |2 2011 
080 |a 620.9:338.23  |2 2011 
080 |a 620.92/.95  |2 2011 
080 |a (062.534)  |2 2011 
080 |a (0.034.44)  |2 2011 
111 2 |a Obnoviteľné zdroje energie  |n (17. :  |d 2017 :  |c Štrbské Pleso, Slovensko)  |9 430800 
245 1 0 |a Obnoviteľné zdroje energie 2017  |b zborník prednášok zo 17. vedecko-odbornej konferencie so zahraničnou účasťou na tému Budovy s takmer nulovou potrebou energie, 9. - 10. máj 2017, Hotel*** SOREA TRIGAN, Štrbské Pleso  |c autor kolektív, editor: Dušan Petráš, Zuzana Švecová 
246 3 3 |a Budovy s takmer nulovou potrebou energie 
250 |a Vydanie prvé 
264 1 |a Bratislava  |b SSTP Bratislava  |c 2017 
300 |a 1 CD-ROM  |b farebný  |c 12 cm 
336 |a text  |b txt  |2 rdacontent 
337 |a počítač  |b c  |2 rdamedia 
338 |a počítačový disk  |b cd  |2 rdacarrier 
347 |a textový súbor  |b PDF  |c 2 rda 
500 |a Názov z titulnej obrazovky 
500 |a Údaje o hlavnej zodpovednosti sú prevzaté z tiráže 
504 |a Obsahuje bibliografické odkazy 
546 |a Text čiastočne aj maďarsky 
650 0 7 |a vykurovanie  |2 SNKPH  |9 14779 
650 0 7 |a nízkoenergetické domy  |2 SNKPH  |9 82503 
650 0 7 |a energetická politika  |2 SNKPH  |9 3923 
650 0 7 |a alternatívne energetické zdroje  |2 SNKPH  |9 3476 
650 0 7 |a Heating  |2 SNKPHeng  |9 274659 
650 0 7 |a Low energy buildings  |2 SNKPHeng  |9 266484 
650 0 7 |a Energy policy  |2 SNKPHeng  |9 329598 
650 0 7 |a Renewable energy sources  |2 SNKPHeng  |9 266485 
655 7 |a CD-ROM  |2 SNKPH  |9 70236 
655 7 |a zborníky konferencií  |2 SNKPH  |9 70153 
655 7 |a Proceedings of conferences  |2 SNKPHeng  |9 265791 
700 1 |a Petráš, Dušan,  |d 1956-  |4 edt  |9 85201 
700 1 |a Švecová, Zuzana,  |d 1970-  |4 edt  |9 203643 
710 2 |a Slovenská spoločnosť pre techniku prostredia  |4 pbl  |9 222596 
919 |a 978-80-89878-10-9 
958 |a NB 
999 |c 683099  |d 685029 
952 |a SNK  |b SNK  |y PREZ  |7 0  |p 17A1323514  |o snkSCDM 9839  |i snk2018/8142  |8 0  |0 0  |1 0  |4 0  |d 2018-04-10  |l 0  |r 2026-02-23 20:03:13  |w 2026-02-23 
952 |t snkOBN 620.9  |a SNKMST  |b SNKMST  |y PREZ  |7 0  |p 17A1323515  |o snkSCDM 9839 D1  |i snk2018/8143  |8 0  |0 0  |1 0  |4 0  |d 2018-04-10  |l 0  |r 2025-08-12 00:00:00  |w 2026-02-23